Environmentálne problémy a ich vplyv na rozvoj svetového hospodárstva

Environmentálne problémy ako globálny problém svetovej ekonomiky. Previazanosť environmentálnej problematiky so svetovou ekonomikou v rámci globálnych problémov na pozadí prebiehajúcich globalizačných procesov vo svetovom hospodárstve.

Salvato in:
Dettagli Bibliografici
Autore principale: Janský, Boris
Altri autori: Havierniková, Katarína, Krajčo, Karol
Natura: Capitolo di libro
Lingua:slovacco
Soggetti:
Tags: Aggiungi Tag
Nessun Tag, puoi essere il primo ad aggiungerne!!

MARC

LEADER 00000naa a2200000 4500
001 0177017
005 20220321090744.6
041 0 |a slo 
044 |a SK 
245 1 0 |a Environmentálne problémy a ich vplyv na rozvoj svetového hospodárstva  |c Boris Janský, Katarína Havierniková, Karol Krajčo 
520 |a Environmentálne problémy ako globálny problém svetovej ekonomiky. Previazanosť environmentálnej problematiky so svetovou ekonomikou v rámci globálnych problémov na pozadí prebiehajúcich globalizačných procesov vo svetovom hospodárstve. 
610 2 0 |a politika environmentálna 
610 2 0 |a hospodárstvo svetové 
610 2 0 |a príroda 
610 2 0 |a ochrana prostredia životného 
100 1 |a Janský, Boris 
700 1 |a Havierniková, Katarína 
700 1 |a Krajčo, Karol